| 000 | 00874 a2200217 4500 | ||
|---|---|---|---|
| 005 | 20080908170217.0 | ||
| 008 | 080908t xxu||||| |||| 00| 0 eng d | ||
| 010 | _aENG-87695 | ||
| 020 | _c55.00 | ||
| 035 | _aEN-71228 | ||
| 037 | _bDBAD / PUB | ||
| 082 | _a621.38416 | ||
| 100 | _aPonnusamy, A. | ||
| 245 |
_aHam radio _belectronics rules and regulations morse code ( a study manual for A.S.O.L. examinations grade-I, grade-II and restricted _cby A. Ponnusamy |
||
| 250 | _a5th ed. | ||
| 260 |
_aSalem _bBright Publishers _c2005 |
||
| 270 |
_a131/1(477/1), Angammal Colony, _bSalem _e636 009 |
||
| 300 |
_a164 p. _c21 cm ( pbk.) |
||
| 942 |
_adpl _cEN _k621.38416/PON _2ddc _h621.38416 _mPON |
||
| 999 |
_c6869 _d6869 |
||